000 00255nam a2200097Ia 4500
008 220204s9999 xx 000 0 und d
082 _a82-36TIN
_bADV
245 0 _aAdventures of Tintin: Explorers on the moon
260 _aBelgium
_bMagnet
_c1978
942 _cBK
999 _c38542
_d38542